000
00318 a2200121 4500
005
20250628144234.0
020
_a
97801313555583
082
_a
658.1511 HOR
245
_a
Cost Accounting: Managerial Emphasis.
300
_a
896p.
_b
Index
_c
27cm.
700
_a
DATAR, S, FOSTER, G, RAJAN, M & ITTNER, C.
942
_2
ddc
_c
BKS
999
_c
6062
_d
6062